| 000 | 01478cam a2200265 4500 | ||
|---|---|---|---|
| 001 | J122539 | ||
| 008 | 030606n2003 000 0 eng u | ||
| 035 | _a(Sirsi) u122539 | ||
| 041 | _aeng. | ||
| 050 |
_a692.2 _c18 |
||
| 110 |
_aUnited Kingdom _bOffice of the Deputy Prime Minister |
||
| 245 | _aBuilding control performance standards | ||
| 260 |
_aLondon _bODPM _c2003 |
||
| 520 | _aSets out recommended standards for the performance of building control which, in the view of the Construction Industry Council the Local Government Association and the Association of Corporate Approved Inspectors, all building control bodies, local authorities and approved inspectors should adopt. The guidance covers: policy, resources, consultation, assessment of plans as well as site inspection, certificates at completion, records archiving, CPD, performance review, quality management, business ethics and complaints procedures. | ||
| 520 | _aSuperseded by 2006 edition (E134944) | ||
| 650 |
_aHEALTH AND SAFETY _96244 |
||
| 650 |
_aBUILDING CONTROL _96222 |
||
| 650 | _aPERFORMANCE STANDARDS | ||
| 690 | _aBUILT ENVIRONMENT-BUILDING STANDARDS | ||
| 710 |
_aEngland and Wales _bLocal Government Association _93545 |
||
| 710 |
_aConstruction Industry Council _92417 |
||
| 710 |
_aAssociation of Corporate Approved Inspectors _94341 |
||
| 856 |
_uhttps://www.communities.gov.uk/index.asp?id=1131121 _vView the DCLG edition of the standards on ODPM's website... |
||
| 942 | _n0 | ||
| 999 |
_c102875 _d102875 |
||